Un siglo de protestantismo en España (Record no. 142556)

MARC details
000 -LEADER
campo de control de longitud fija 00890nam a2200217 i 4500
001 - NÚMERO DE CONTROL
campo de control 142556
003 - IDENTIFICADOR DE NÚMERO DE CONTROL
campo de control ES-MaACL
005 - FECHA Y HORA DE LA ÚLTIMA TRANSACCIÓN
campo de control 20250809063523.0
007 - CAMPO FIJO DE DESCRIPCIÓN FÍSICA--INFORMACIÓN GENERAL
campo de control de longitud fija t|
008 - DATOS DE LONGITUD FIJA--INFORMACIÓN GENERAL
campo de control de longitud fija 071008s1979 sp ||||1| spa d
080 ## - NÚMERO DE LA CLASIFICACIÓN DECIMAL UNIVERSAL
Número de la Clasificación Decimal Universal 284(467.41 Águilas)"18/19"
100 1# - ENTRADA PRINCIPAL--NOMBRE DE PERSONA
Nombre de persona Vilar, Juan Bautista,
Fechas asociadas al nombre 1941-2018
9 (RLIN) 114797
245 13 - MENCIÓN DEL TÍTULO
Título Un siglo de protestantismo en España
Resto del título : (Aguilas-Murcia 1893-1979) /
Mención de responsabilidad, etc. Juan Bautista Vilar ; prólogo de José Manuel Cuenca Toribio.
260 ## - PUBLICACIÓN, DISTRIBUCIÓN, ETC.
Lugar de publicación, distribución, etc. Murcia :
Nombre del editor, distribuidor, etc. Universidad, Departamento de Historia Moderna y Contemporánea,
Fecha de publicación, distribución, etc. [1979]
300 ## - DESCRIPCIÓN FÍSICA
Extensión IX, 322 p. :
Otras características físicas il. ;
Dimensiones 18 cm.
650 14 - PUNTO DE ACCESO ADICIONAL DE MATERIA--TÉRMINO DE MATERIA
Término de materia o nombre geográfico como elemento de entrada Protestantismo-
Subdivisión geográfica Aguilas-
Subdivisión cronológica S.XX.
9 (RLIN) 16518
700 1# - ENTRADA AGREGADA--NOMBRE PERSONAL
Nombre de persona Cuenca Toribio, José Manuel,
Fechas asociadas al nombre 1939-
9 (RLIN) 42007
710 2# - ENTRADA AGREGADA--NOMBRE DE ENTIDAD CORPORATIVA
Nombre de entidad corporativa o nombre de jurisdicción como elemento de entrada Universidad de Murcia.
Unidad subordinada Departamento de Historia Moderna y Contemporánea.
9 (RLIN) 7240
852 ## - LOCALIZACIÓN
Ubicación ES-MaACL
Número de control de estantería A-10495
Sublocalización o colección R.99810
Holdings
Estatus retirado Estado de pérdida Estado de daño No para préstamo Biblioteca de origen Biblioteca actual Ubicación en estantería Fecha de adquisición Fuente de adquisición Total de préstamos Signatura topográfica completa Código de barras Visto por última vez Precio de reemplazo Tipo de ítem Koha
        Biblioteca del Ateneo de Madrid Biblioteca del Ateneo de Madrid Depósito 1 17/01/2008     A-10495 1148330 23/02/2023 23/02/2023 Libro impreso